TOP 20 Fichajes más caros de la temporada 25/26 - Estadísticas

Estadísticas generales
  • Esta prueba ha sido intentada 34 veces
  • La puntuación promedio es 5 de 20
Estadísticas de respuestas
coste fichaje % Correcto
145 millones Alexander Isak
84%
125 millones Florian Wirtz
84%
62,50 millones Dean Huijsen
72%
95 millones Hugo Ekitike
40%
76,50 millones Benjamín Šeško
32%
70 millones Luis Díaz
24%
74,20 millones Matheus Cunha
24%
65,80 millones Viktor Gyökeres
24%
70 millones Martín Zubimendi
20%
75 millones Nick Woltemade
20%
69,30 millones Eberechi Eze
16%
65 millones Xavi Simons
16%
63 millones Ilya Zabarnyi
12%
63,80 millones Mohammed Kudus
12%
63,70 millones João Pedro
8%
75 millones Bryan Mbeumo
4%
61,40 millones Anthony Elanga
0%
57,70 millones yoane Wissa
0%
68,25 millones Mateo Retegui
0%
75 millones Víctor Osimhen
0%
No se encontraron pruebas coincidentes
Distribución de puntuación
Porcentaje de gente con cada puntuación
Porcentaje por número respondido
Historial de tus puntuaciones
No has intentado esta prueba.